Countries Where You Can Drink The Tap Water - Statistics

General Stats
  • This quiz has been taken 2,075 times
  • The average score is 38 of 44
Answer Stats
Answer % Correct
United Kingdom
99%
United States
98%
Canada
97%
Sweden
97%
Finland
96%
France
96%
Norway
96%
Spain
96%
Australia
95%
Germany
95%
Italy
95%
Portugal
95%
Belgium
94%
Denmark
94%
Japan
94%
Ireland
93%
Netherlands
93%
Poland
93%
Andorra
92%
Austria
92%
Luxembourg
92%
New Zealand
92%
Switzerland
92%
Iceland
91%
Greece
90%
Hungary
89%
Liechtenstein
89%
Slovakia
89%
South Korea
89%
Czechia
88%
Estonia
88%
San Marino
88%
Slovenia
88%
Croatia
87%
Monaco
86%
Malta
78%
Singapore
76%
Israel
75%
Chile
61%
Bahrain
59%
Saudi Arabia
59%
Kuwait
56%
Costa Rica
43%
Palau
29%
No matching quizzes found
Score Distribution
Percent of People with Each Score
Percentile by Number Answered
Your Score History
You have not taken this quiz